|
|
|
|
| LEADER |
01022nam a2200325 4500 |
| 001 |
DLU090070068 |
| 005 |
##20090525 |
| 040 |
# |
# |
|a DLU
|b eng
|
| 041 |
# |
# |
|a eng
|
| 044 |
# |
# |
|a UK
|
| 245 |
# |
# |
|a Reproductive and pituitary-adrenal axis parameters in normal and prenatally stressed prepubertal blue foxes (Alopex lagopus) /
|c L. V. Osadchuk, B. O. Braastad, A. L. Hovland, M. Bakken.
|
| 653 |
# |
# |
|a Alopex lagopus
|
| 653 |
# |
# |
|a Hydrocortisone
|
| 653 |
# |
# |
|a Prenatal period stress
|
| 653 |
# |
# |
|a Prepubertal females
|
| 653 |
# |
# |
|a Progesterone
|
| 700 |
# |
# |
|a Bakken, M.
|
| 700 |
# |
# |
|a Braastad, B. O.
|
| 700 |
# |
# |
|a Hovland, A. L.
|
| 700 |
# |
# |
|a Osadchuk, L. V.
|
| 773 |
# |
# |
|t Animal Science
|g Vol. 76, no. 3 (June 2003), p. 413-420
|
| 920 |
# |
# |
|a Phòng Tạp chí -- Trung tâm Thông tin - Thư viện Trường Đại học Đà Lạt
|
| 994 |
# |
# |
|a DLU
|
| 900 |
# |
# |
|a True
|
| 911 |
# |
# |
|a Trương Bảo Trâm Anh
|
| 925 |
# |
# |
|a G
|
| 926 |
# |
# |
|a A
|
| 927 |
# |
# |
|a BB
|
| 980 |
# |
# |
|a Thư viện Trường Đại học Đà Lạt
|